[Event "Santa Maria SMXC Cup-B 6th"]
[Site "Santa Maria de Jetiba"]
[Date "2020.04.30"]
[Round "10"]
[White "Dejeanne, Francisco Horacio"]
[Black "Da Rosa, Juan Machado"]
[Result "1-0"]
[WhiteElo "2200"]
[BlackElo "1745"]
[PlyCount "41"]
[EventDate "2019.12.21"]
[EventType "tourn"]
[EventRounds "14"]
[EventCountry "BRA"]
[SourceTitle "EXT 2022"]
[Source "ChessBase"]
[SourceDate "2021.10.06"]
[SourceVersion "1"]
[SourceVersionDate "2021.10.06"]
[SourceQuality "1"]

1. e4 e5 2. d4 exd4 3. Nf3 Nc6 4. Bc4 d6 5. Nxd4 Nxd4 6. Qxd4 Nf6 7. Nc3 Be6 8. Bxe6 fxe6 9. e5 c5 10. Qa4+ Qd7 11. exf6 Qxa4 12. f7+ Kxf7 13. Nxa4 Be7 14. Be3 b5 15. Nc3 b4 16. Ne2 Bf6 17. 0-0-0 Ke7 18. Ng3 g6 19. Ne4 Be5 20. Bg5+ Kd7 21. Nxc5+ 1-0

[Event "Santa Maria SMXC Cup-B 6th"]
[Site "Santa Maria de Jetiba"]
[Date "2020.01.15"]
[Round "3"]
[White "Da Rosa, Juan Machado"]
[Black "Dejeanne, Francisco Horacio"]
[Result "0-1"]
[WhiteElo "1745"]
[BlackElo "2200"]
[PlyCount "46"]
[EventDate "2019.12.21"]
[EventType "tourn"]
[EventRounds "14"]
[EventCountry "BRA"]
[SourceTitle "EXT 2021"]
[Source "ChessBase"]
[SourceDate "2020.10.23"]
[SourceVersion "1"]
[SourceVersionDate "2020.10.23"]
[SourceQuality "1"]

1. d4 Nf6 2. Nf3 e6 3. c4 b6 4. Nc3 Bb4 5. Qc2 Bb7 6. Bd2 0-0 7. a3 Bxc3 8. Bxc3 Ne4 9. e3 f5 10. Bd3 d6 11. g4 Nxc3 12. bxc3 Bxf3 13. Rg1 Qh4 14. gxf5 Qxh2 15. Rf1 exf5 16. Bxf5 Nc6 17. d5 Ne5 18. Be6+ Kh8 19. Kd2 Be4 20. Qxe4 Rxf2+ 21. Rxf2 Qxf2+ 22. Kc1 Rf8 23. Bh3 Qe1+ 0-1

[Event "Santa Maria SMXC Cup-B 6th"]
[Site "Santa Maria de Jetiba"]
[Date "2019.12.21"]
[Round "1"]
[White "Da Rosa, Juan Machado"]
[Black "Veira, Fabiano Da Costa"]
[Result "1-0"]
[WhiteElo "1745"]
[BlackElo "1800"]
[PlyCount "71"]
[EventDate "2019.12.21"]
[EventType "tourn"]
[EventRounds "14"]
[EventCountry "BRA"]
[SourceTitle "EXT 2021"]
[Source "ChessBase"]
[SourceDate "2020.10.23"]
[SourceVersion "1"]
[SourceVersionDate "2020.10.23"]
[SourceQuality "1"]

1. c4 Nc6 2. g3 d5 3. e3 d4 4. exd4 Qxd4 5. Nf3 Qe4+ 6. Be2 Nb4 7. d3 Qg6 8. Qa4+ Nc6 9. Nc3 Bf5 10. Qc2 e5 11. 0-0 Nf6 12. Rd1 Nb4 13. Qa4+ c6 14. Nxe5 b5 15. cxb5 cxb5 16. Qxb5+ Bd7 17. Nxg6 Bxb5 18. Nxb5 hxg6 19. Nc7+ Kd8 20. Nxa8 Bc5 21. a3 Nc2 22. b4 Bd4 23. Rb1 Ke7 24. Rd2 Ne3 25. fxe3 Bxe3+ 26. Kg2 Rxa8 27. Rc2 Ng4 28. Bxg4 Bd4 29. Rc7+ Kf6 30. Bb2 Be5 31. Rf1+ Kg5 32. Bxe5 Kxg4 33. Rc4+ Kh5 34. Bxg7 f5 35. Bf6 Rf8 36. Rh4# 1-0